000 00894cab a2200277 4500
001 ABS49119
008 090401t1993 xxu||||| |||| 00| 0 eng d
035 _a(Sirsi) u70088
041 _aeng
100 _aHatton, G.
245 _aProposed changes to Part L of the Building Regulations
260 _c1993
350 _a0
490 _aASI Journal
_v5(2) July 1993, 15(1)
520 _aPrecis of the proposals to amend the Building Regulations to realise the aim of reducing CO2 emissions by cost effective means. The principal provisions are summarised under subject headings: glazing, insulation, heating and lighting.
650 _aAIR
650 _aCONVERSIONS
650 _aEFFICIENCY
650 _aENERGY
_96237
650 _aLEAKAGE
650 _aRATINGS
650 _aU-VALUE
690 _aBUILDING AND CONSTRUCTION-REGULATIONS
942 _n0
948 _c04/03/1997
999 _c44092
_d44092